02401nam a22003374a 4500001001200000003000800012006001900020007001500039008004100054010001700095020003100112040002100143035002100164043001200185050002400197082002400221100001800245245009000263250001200353260005500365300002900420504004100449505108600490533015201576650006901728650005001797650004401847655002901891710001701920856012601937ebr10397778CaPaEBRm u cr cn|||||||||080123s2008 paua sb 000 0deng  z 2008003254 z9780827608436 (alk. paper) aCaPaEBRcCaPaEBR a(OCoLC)649915298 an-us---14aPN6725b.K37 2008eb04a741.5/9730899242221 aKaplan, Arie.10aFrom Krakow to Kryptonh[electronic resource] :bJews and comic books /cArie Kaplan. a1st ed. aPhiladelphia :bJewish Publication Society,c2008. axiv, 225 p. :bcol. ill. aIncludes bibliographical references.0 apt. 1. The Golden Age (1933-1955): the birth of the comics. ch. 1. Famous funnies -- ch. 2. Leger and Reuths -- ch. 3. Supergolem -- ch. 4. Attack of the clones -- ch. 5. People of the (comic) book -- ch. 6. The spirit of the times -- ch. 7. The Leaden Age -- ch. 8. Why we fight -- ch. 9. New trends and innocent seducers -- pt. 2. The Silver Age (1956-1978): the growth and development of Jewish comics. ch. 10. Super family values -- ch. 11. Broome makes a clean sweep -- ch. 12. Stan and Jack -- ch. 13. The superhero from Queens -- ch. 14. Courting the college crowd -- ch. 15. Outsider heroes -- ch. 16. Openly Jewish, openly heroic -- ch. 17. Kirby's fourth world -- ch. 18. Notes from the underground -- ch. 19. From novel graphics to graphic novels -- pt. 3. The Bronze Age (1979-the present): comics in the modern world. ch. 20. From comix to graphix -- ch. 21. The Maus that art built -- ch. 22. A graphic approach to Jewish history -- ch. 23. The Martian Jew -- ch. 24. Children of the atom--and Eve -- ch. 25. Vertigo visions -- ch. 26. Up, up, and away--but where to? aElectronic reproduction.bPalo Alto, Calif. :cebrary,d2013.nAvailable via World Wide Web.nAccess may be limited to ebrary affiliated libraries. 0aComic books, strips, etc.zUnited StatesxHistory and criticism. 0aJewish cartoonistszUnited StatesvBiography. 0aJewszUnited StatesxIntellectual life. 7aElectronic books.2local2 aebrary, Inc.40uhttp://site.ebrary.com/lib/rucke/Doc?id=10397778zAn electronic book accessible through the World Wide Web; click to view